[Event "AUT-ch99M"]
[Site "Wien"]
[Date "1999.08.15"]
[Round "9"]
[White "Stichlberger, Martin"]
[Black "Kummer, Helmut"]
[Result "0-1"]
[WhiteElo "2296"]
[BlackElo "2293"]
[PlyCount "77"]
[EventDate "1999.08.15"]

1. Nc3 e5 2. Nf3 Nc6 3. d4 exd4 4. Nxd4 Bc5 5. Nf5 Qf6 6. e4 Nge7 7. Ne3 d6 8.
Bc4 O-O 9. O-O Qg6 10. Kh1 Be6 11. Ned5 Nxd5 12. exd5 Bg4 13. Be2 Ne5 14. Na4
Bh3 15. Bf3 Nxf3 16. Qxf3 Bg4 17. Qf4 Be2 18. Re1 Rae8 19. Qd2 Bc4 20. Nxc5
dxc5 21. Re3 Rxe3 22. fxe3 Rd8 23. e4 Qxe4 24. Qf2 Rxd5 25. Be3 Rf5 26. Qd2 h6
27. b3 Bd5 28. Re1 Qg4 29. Rg1 b6 30. a4 Rh5 31. Re1 Rf5 32. Rg1 h5 33. c4 Be4
34. Qd8+ Kh7 35. Qxc7 h4 36. Qd7 Rf1 37. Qd2 Rf6 38. a5 h3 39. axb6 0-1

[Event "AUT-ch99M"]
[Site "Wien"]
[Date "1999.08.15"]
[Round "9"]
[White "Sommerbauer, Norbert"]
[Black "Hansen, Kay"]
[Result "1-0"]
[WhiteElo "2375"]
[BlackElo "2205"]
[PlyCount "81"]
[EventDate "1999.08.15"]

1. e4 c6 2. d4 d5 3. exd5 cxd5 4. c4 Nf6 5. Nc3 e6 6. Nf3 Be7 7. cxd5 Nxd5 8.
Bc4 Nxc3 9. bxc3 Nd7 10. O-O O-O 11. Qd3 Qa5 12. Re1 Bf6 13. Bf4 b6 14. Bd6 Rd8
15. Rab1 Bb7 16. Rb5 Qa4 17. Ng5 Bxg5 18. Rxg5 Nf8 19. Bb3 Qc6 20. Be5 g6 21.
h4 Nd7 22. h5 Nxe5 23. Rexe5 Kf8 24. hxg6 hxg6 25. Bxe6 Re8 26. Bd5 Qc7 27.
Bxb7 Qxb7 28. d5 Rxe5 29. Rxe5 Re8 30. Qe3 Qd7 31. Rxe8+ Qxe8 32. Qxe8+ Kxe8
33. c4 Kd7 34. a4 Kd6 35. f3 a6 36. Kf2 b5 37. cxb5 axb5 38. axb5 Kxd5 39. Ke3
Kc5 40. Ke4 f6 41. g4 1-0

[Event "AUT-ch99M"]
[Site "Wien"]
[Date "1999.08.15"]
[Round "9"]
[White "Stanec, Nikolaus"]
[Black "Weinzettl, Ernst"]
[Result "1-0"]
[WhiteElo "2495"]
[BlackElo "2401"]
[PlyCount "49"]
[EventDate "1999.08.15"]

1. c4 e5 2. Nc3 Nc6 3. Nf3 g6 4. d4 exd4 5. Nxd4 Bg7 6. Nxc6 bxc6 7. g3 Nh6 8.
Bg2 O-O 9. O-O a5 10. Qc2 Nf5 11. e3 Qe7 12. Rd1 Ba6 13. b3 a4 14. Bb2 a3 15.
Bc1 h5 16. Bd2 h4 17. Rab1 hxg3 18. hxg3 Rad8 19. Qe4 Qf6 20. Qf4 Nd6 21. Qxf6
Bxf6 22. Na4 Rb8 23. Nc5 Bc8 24. Bh3 Kg7 25. Ba5 { } 1-0

[Event "AUT-ch99M"]
[Site "Wien"]
[Date "1999.08.15"]
[Round "9"]
[White "Mahdy, Khaled"]
[Black "Wach, Markus"]
[Result "1/2-1/2"]
[WhiteElo "2325"]
[BlackElo "2397"]
[PlyCount "82"]
[EventDate "1999.08.15"]

1. e4 c5 2. Nf3 d6 3. c3 Nf6 4. Bd3 g6 5. O-O Nc6 6. Re1 Bg7 7. h3 O-O 8. Bc2
e5 9. d3 Re8 10. a3 a5 11. a4 h6 12. Na3 d5 13. Nd2 Be6 14. Nb5 Re7 15. Qf3 Rd7
16. exd5 Nxd5 17. Ne4 b6 18. Qg3 Nce7 19. f4 exf4 20. Bxf4 Nxf4 21. Qxf4 Nc6
22. Ned6 Qg5 23. Qxg5 hxg5 24. Rxe6 fxe6 25. Bb3 Re7 26. Re1 Ne5 27. Re3 Rd8
28. Kf1 Kh7 29. Ke2 Red7 30. Ne4 Rxd3 31. Nxg5+ Kh6 32. Nf7+ Nxf7 33. Rxd3 Rxd3
34. Kxd3 Nd8 35. Ke4 Kg5 36. Nc7 Kh4 37. Bxe6 Kg3 38. Bd7 Nf7 39. Nd5 Ne5 40.
Bc8 Nc4 41. Bg4 Nxb2 1/2-1/2

[Event "AUT-ch99M"]
[Site "Wien"]
[Date "1999.08.16"]
[Round "10"]
[White "Hoelzl, Franz"]
[Black "Wach, Markus"]
[Result "0-1"]
[WhiteElo "2428"]
[BlackElo "2397"]
[PlyCount "76"]
[EventDate "1999.08.16"]

1. d4 Nf6 2. Nf3 e6 3. c4 b6 4. Nc3 Bb7 5. a3 d5 6. Bg5 Be7 7. Qa4+ c6 8. Bxf6
Bxf6 9. cxd5 exd5 10. g3 O-O 11. Bh3 Re8 12. O-O Na6 13. Rfd1 Nc7 14. e3 g6 15.
b4 a6 16. Qb3 Bc8 17. Bg2 Qd6 18. Rdc1 Bd7 19. Na4 Reb8 20. Ra2 Qe7 21. Rac2 a5
22. Nc3 axb4 23. axb4 b5 24. Ne1 Ne8 25. Nd3 Nd6 26. Nf4 Bg7 27. Ra2 Nc4 28.
Rca1 Qd8 29. h4 Rxa2 30. Rxa2 Ra8 31. Kh2 Qb8 32. Nd3 Ra7 33. Nc5 Bf5 34. Bf1
h6 35. Kg2 Qa8 36. Be2 h5 37. Kf1 Qb8 38. Rxa7 Nd2+ 0-1

[Event "AUT-ch99M"]
[Site "Wien"]
[Date "1999.08.16"]
[Round "10"]
[White "Weinzettl, Ernst"]
[Black "Mahdy, Khaled"]
[Result "1-0"]
[WhiteElo "2401"]
[BlackElo "2325"]
[PlyCount "71"]
[EventDate "1999.08.16"]

1. e4 e5 2. Nf3 Nc6 3. Nc3 Nf6 4. d4 exd4 5. Nxd4 Bb4 6. Nxc6 bxc6 7. Bd3 d5 8.
exd5 cxd5 9. Qe2+ Qe7 10. Bb5+ Bd7 11. Bxd7+ Nxd7 12. Qxe7+ Kxe7 13. Bd2 Nf6
14. O-O-O Rhd8 15. a3 Ba5 16. b4 Bb6 17. Bg5 c6 18. Rhe1+ Kf8 19. Na4 Bc7 20.
Nc5 Re8 21. Bxf6 gxf6 22. Rxe8+ Rxe8 23. Kd2 f5 24. h3 Bf4+ 25. Kd3 Bd6 26. Nb3
Rc8 27. c4 dxc4+ 28. Kxc4 Bc7 29. Nd4 Bb6 30. Nxf5 Re8 31. Rd2 Re4+ 32. Kd3 Rf4
33. Ne3 a5 34. bxa5 Bxa5 35. Rb2 c5 36. f3 {Zeit} 1-0

[Event "AUT-ch99M"]
[Site "Wien"]
[Date "1999.08.16"]
[Round "10"]
[White "Hansen, Kay"]
[Black "Stanec, Nikolaus"]
[Result "0-1"]
[WhiteElo "2205"]
[BlackElo "2495"]
[PlyCount "82"]
[EventDate "1999.08.16"]

1. d4 Nf6 2. Bg5 g6 3. Nf3 Bg7 4. Nbd2 h6 5. Bxf6 Bxf6 6. e4 Bg7 7. c3 d6 8.
Bc4 e6 9. Qe2 a6 10. a4 Qe7 11. e5 Nd7 12. O-O dxe5 13. Nxe5 Nxe5 14. dxe5 Bd7
15. Rfe1 O-O 16. Nf3 Rfd8 17. Qe3 c5 18. h3 Be8 19. Nh2 Bc6 20. f4 Qd7 21. b3
Qd2 22. Nf3 Qxe3+ 23. Rxe3 Bf8 24. Kf2 b5 25. axb5 axb5 26. Rxa8 Rxa8 27. Be2
Ra2 28. c4 Be7 29. cxb5 Bxb5 30. Kf1 Bc6 31. Bc4 Bd8 32. Re2 Ra1+ 33. Re1 Ra8
34. Rd1 Bc7 35. Ke2 Kf8 36. Ke3 Ke7 37. g3 Ra2 38. Nd2 g5 39. Ne4 Rh2 40. Bf1
Bb6 41. Kf3 c4 0-1

[Event "AUT-ch99M"]
[Site "Wien"]
[Date "1999.08.16"]
[Round "10"]
[White "Kummer, Helmut"]
[Black "Sommerbauer, Norbert"]
[Result "1/2-1/2"]
[WhiteElo "2293"]
[BlackElo "2375"]
[PlyCount "26"]
[EventDate "1999.08.16"]

1. d4 d5 2. c4 dxc4 3. Nf3 c6 4. e3 b5 5. a4 e6 6. b3 b4 7. Bxc4 Nf6 8. Qd3 Bb7
9. e4 Be7 10. Bg5 h6 11. Bxf6 Bxf6 12. Ra2 Nd7 13. Ba6 Bxa6 1/2-1/2

[Event "AUT-ch99M"]
[Site "Wien"]
[Date "1999.08.16"]
[Round "10"]
[White "Danner, Georg"]
[Black "Stichlberger, Martin"]
[Result "1/2-1/2"]
[WhiteElo "2407"]
[BlackElo "2296"]
[PlyCount "107"]
[EventDate "1999.08.16"]

1. d4 h6 2. e4 g5 3. Nc3 Bg7 4. Bc4 d6 5. h4 g4 6. f4 f5 7. Nge2 7... h5 { } 8.
Qd3 c6 9. Bxg8 Rxg8 10. Ng3 Rh8 11. Be3 Qa5 12. O-O-O Qa6 13. exf5 Qxd3 14.
Rxd3 d5 15. Nce2 Bf6 16. Bd2 a5 17. Re3 Nd7 18. c3 Nb6 19. b3 a4 20. Kb2 a3+
21. Kc2 Bd7 22. Nc1 Nc8 23. Nd3 Nd6 24. Nc5 Bxf5+ 25. Nxf5 Nxf5 26. Rd3 Bxh4
27. Nxb7 Bf6 28. g3 Kf7 29. Nc5 h4 30. gxh4 Rxh4 31. Rxh4 Bxh4 32. Nd7 Bf6 33.
Be3 Rh8 34. Bg1 g3 35. b4 Rh4 36. Nb8 Rxf4 37. Nxc6 Rf1 38. Rd1 g2 39. b5 Nd6
40. b6 Nb7 41. Kd2 Ke8 42. Ke2 Rxd1 43. Kxd1 Kd7 44. Nb4 e6 45. Nc2 Bd8 46.
Nxa3 Bxb6 47. Nc2 Nd6 48. Ne3 Nb5 49. Kc2 Nxd4+ 50. cxd4 Bxd4 51. Kd3 e5 52.
Ke2 Kc6 53. Kf3 Kb7 54. Kxg2 1/2-1/2

[Event "AUT-ch99M"]
[Site "Wien"]
[Date "1999.08.16"]
[Round "10"]
[White "Baumegger, Siegfried"]
[Black "Weiss, Christian"]
[Result "1/2-1/2"]
[WhiteElo "2407"]
[BlackElo "2524"]
[PlyCount "60"]
[EventDate "1999.08.16"]

1. d4 g6 2. e4 c6 3. f4 d5 4. e5 Bf5 5. Nf3 e6 6. Nc3 h5 7. Be2 Nh6 8. O-O Bg4
9. Be3 Nf5 10. Bf2 Nd7 11. Qd2 b5 12. Nd1 Bh6 13. b3 O-O 14. Nb2 f6 15. Nd3 c5
16. Nh4 c4 17. Bxg4 hxg4 18. Nc5 Nxc5 19. dxc5 Nxh4 20. Bxh4 g5 21. fxg5 fxe5
22. Qe2 Bg7 23. Qxg4 Qd7 24. c6 Qxc6 25. Rf6 Rae8 26. Bg3 Qc5+ 27. Bf2 Qe7 28.
Bh4 Qc5+ 29. Bf2 Qe7 30. Bh4 Qc5+ 1/2-1/2

[Event "AUT-ch99M"]
[Site "Wien"]
[Date "1999.08.17"]
[Round "11"]
[White "Weiss, Christian"]
[Black "Hoelzl, Franz"]
[Result "1-0"]
[WhiteElo "2524"]
[BlackElo "2428"]
[PlyCount "52"]
[EventDate "1999.08.17"]

1. d4 g6 2. e4 Bg7 3. Nc3 d6 4. Be3 a6 5. Qd2 b5 6. f3 Nd7 7. Nge2 c5 8. g4
cxd4 9. Nxd4 Bb7 10. a4 b4 11. Nd5 a5 12. Bb5 Ngf6 13. Nxf6+ Bxf6 14. O-O-O O-O
15. h4 { } 15... Ne5 16. h5 Nxf3 17. Nxf3 Bxe4 18. hxg6 Rc8 19. Bd3 Bxd3 20.
Qxd3 fxg6 21. Qd5+ Rf7 22. Rxh7 Rxc2+ 23. Kxc2 Qc8+ 24. Kb1 e6 25. Qd3 Kxh7 26.
Rh1+ Kg8 1-0

[Event "AUT-ch99M"]
[Site "Wien"]
[Date "1999.08.17"]
[Round "11"]
[White "Lendwai, Reinhard"]
[Black "Kwatschewsky, Leo"]
[Result "1/2-1/2"]
[WhiteElo "2376"]
[BlackElo "2344"]
[PlyCount "23"]
[EventDate "1999.08.17"]

1. d4 Nf6 2. Nf3 d5 3. Bg5 c6 4. c3 Bf5 5. Nbd2 Nbd7 6. e3 h6 7. Bh4 e6 8. Be2
Be7 9. O-O O-O 10. c4 Ne4 11. Bxe7 Qxe7 12. Qb3 1/2-1/2

[Event "AUT-ch99M"]
[Site "Wien"]
[Date "1999.08.17"]
[Round "11"]
[White "Stichlberger, Martin"]
[Black "Casagrande, Harald"]
[Result "0-1"]
[WhiteElo "2296"]
[BlackElo "2355"]
[PlyCount "78"]
[EventDate "1999.08.17"]

1. g4 d5 2. h3 c6 3. Bg2 e5 4. d4 Nd7 5. c4 dxc4 6. dxe5 Nxe5 7. Qxd8+ Kxd8 8.
Nc3 h5 9. g5 f5 10. Bf4 Ng6 11. O-O-O+ Ke8 12. Bg3 Bb4 13. Nf3 N8e7 14. Ne5 Be6
15. Rd2 h4 16. Bh2 Nxe5 17. Bxe5 Kf7 18. e4 Rad8 19. Rd4 Ng6 20. Rhd1 Be7 21.
exf5 Bxf5 22. Be4 Rxd4 23. Bxd4 Bxg5+ 24. Kc2 Bxe4+ 25. Nxe4 Be7 26. Rg1 Rh5
27. a3 c5 28. Bc3 Rf5 29. Rg4 Rf3 30. Ng5+ Bxg5 31. Rxg5 Rxf2+ 32. Kd1 b6 33.
Rd5 Nf8 34. Rg5 Ne6 35. Rg4 g5 36. Bd2 Kg6 37. Be1 Rxb2 38. Bxh4 Kf5 39. Be1
Rb3 0-1

[Event "AUT-ch99M"]
[Site "Wien"]
[Date "1999.08.17"]
[Round "11"]
[White "Sommerbauer, Norbert"]
[Black "Danner, Georg"]
[Result "1/2-1/2"]
[WhiteElo "2375"]
[BlackElo "2407"]
[PlyCount "38"]
[EventDate "1999.08.17"]

1. d4 Nf6 2. c4 g6 3. Nc3 Bg7 4. e4 d6 5. Nf3 O-O 6. h3 c6 7. Be3 a5 8. g3 Na6
9. Bg2 Qe8 10. O-O e5 11. Re1 b5 12. cxb5 cxb5 13. dxe5 dxe5 14. Nxe5 b4 15.
Na4 Qxe5 16. Bf4 Qb5 17. e5 Nh5 18. Bxa8 Nxf4 19. gxf4 19... Nc7 { } 1/2-1/2

[Event "AUT-ch99M"]
[Site "Wien"]
[Date "1999.08.17"]
[Round "11"]
[White "Stanec, Nikolaus"]
[Black "Kummer, Helmut"]
[Result "1-0"]
[WhiteElo "2495"]
[BlackElo "2293"]
[PlyCount "82"]
[EventDate "1999.08.17"]

1. Nf3 d5 2. c4 d4 3. g3 Nc6 4. Bg2 Nf6 5. O-O e5 6. d3 Nd7 7. e3 Be7 8. exd4
exd4 9. Nbd2 Nc5 10. Ne4 O-O 11. Nxc5 Bxc5 12. Ng5 Bf5 13. Ne4 Be7 14. f4 Qd7
15. Nf2 Qd8 16. Bd2 a5 17. a3 Bd7 18. Qc2 Bc5 19. Ne4 b6 20. f5 f6 21. g4 Ne5
22. h3 Bc6 23. Bf4 Re8 24. Rae1 Qd7 25. g5 Rad8 26. gxf6 Bxe4 27. Rxe4 gxf6 28.
Bxe5 Rxe5 29. Rxe5 fxe5 30. Qe2 Qg7 31. f6 Qg5 32. Kh1 Rf8 33. f7+ Kh8 34. Bd5
Qg3 35. Rf3 Qg5 36. Qe1 h5 37. Rg3 Qf4 38. Rg8+ Kh7 39. Be4+ Kh6 40. Rg6+ Kh7
41. Rf6+ Kg7 1-0

[Event "AUT-ch99M"]
[Site "Wien"]
[Date "1999.08.17"]
[Round "11"]
[White "Wach, Markus"]
[Black "Weinzettl, Ernst"]
[Result "1/2-1/2"]
[WhiteElo "2397"]
[BlackElo "2401"]
[PlyCount "94"]
[EventDate "1999.08.17"]

1. e4 e6 2. d4 d5 3. Nc3 Nf6 4. e5 Nfd7 5. f4 c5 6. Nf3 Qb6 7. dxc5 Nxc5 8. a3
Bd7 9. Be3 Qxb2 10. Nb5 Bxb5 11. Rb1 Qxa3 12. Bxb5+ Nc6 13. Bd4 Be7 14. O-O O-O
15. Kh1 Ne4 16. Bd3 Nxd4 17. Nxd4 Nc3 18. Qh5 g6 19. Qh6 Rfe8 20. Nxe6 Bf8 21.
Nxf8 Qxf8 22. Qxf8+ Kxf8 23. Rxb7 Re7 24. Rb3 Ne4 25. Rb5 Rd8 26. Kg1 f5 27.
exf6 Nxf6 28. f5 g5 29. h3 Kg7 30. Ra1 Rdd7 31. Ra6 Rf7 32. g4 Rde7 33. Kg2 Rb7
34. Rba5 Rfe7 35. Kf3 Rf7 36. Rc5 Rbe7 37. Rcc6 Nd7 38. Kg2 Nf6 39. Re6 Rc7 40.
h4 h6 41. hxg5 hxg5 42. Kf3 Rb7 43. Ra4 Kf8 44. Ke3 Kg7 45. Kd4 Rbd7 46. Kc5
Rc7+ 47. Kd4 Rcd7 1/2-1/2

[Event "AUT-ch99M"]
[Site "Wien"]
[Date "1999.08.18"]
[Round "12"]
[White "Hoelzl, Franz"]
[Black "Weinzettl, Ernst"]
[Result "0-1"]
[WhiteElo "2428"]
[BlackElo "2401"]
[PlyCount "114"]
[EventDate "1999.08.18"]

1. Nf3 Nf6 2. c4 c5 3. g3 e6 4. Bg2 d5 5. O-O Be7 6. d4 O-O 7. cxd5 exd5 8. Be3
c4 9. Ne5 Nc6 10. b3 cxb3 11. Qxb3 Na5 12. Qb2 Ng4 13. Nxg4 Bxg4 14. Nc3 Be6
15. Qb5 a6 16. Qd3 Qd7 17. Bf4 Rac8 18. Rac1 b5 19. e4 dxe4 20. Qxe4 Ba3 21. d5
Bf5 22. Qd4 Bxc1 23. Rxc1 Rfe8 24. h4 Nc6 25. Qb6 Nb4 26. Bd2 Nd3 27. Rf1 Ne5
28. Qd4 Bh3 29. Re1 Bxg2 30. Kxg2 Nc4 31. Rxe8+ Rxe8 32. Bf4 h6 33. Kh2 Rd8 34.
a4 b4 35. Bxh6 f6 36. Qxc4 bxc3 37. Be3 Qxd5 38. Qxc3 Qf3 39. Qc4+ Kh7 40. Qf4
Qxf4 41. Bxf4 a5 42. Bc7 Rd5 43. f3 Kg8 44. g4 g6 45. Kg3 Kf7 46. Kf2 Ke6 47.
Ke3 Kd7 48. Bb6 Kc6 49. Bd4 f5 50. Bc3 Rc5 51. Bd4 Rc4 52. gxf5 gxf5 53. h5 Kd5
54. Bg7 Rxa4 55. h6 Rh4 56. Kf2 f4 57. Bf8 a4 0-1

[Event "AUT-ch99M"]
[Site "Wien"]
[Date "1999.08.18"]
[Round "12"]
[White "Hansen, Kay"]
[Black "Wach, Markus"]
[Result "0-1"]
[WhiteElo "2205"]
[BlackElo "2397"]
[PlyCount "64"]
[EventDate "1999.08.18"]

1. d4 d5 2. c4 c6 3. Nc3 Nf6 4. Nf3 e6 5. Bg5 Nbd7 6. cxd5 exd5 7. e3 Be7 8.
Bd3 O-O 9. O-O Re8 10. Rb1 h6 11. Bh4 Ne4 12. Bxe7 Qxe7 13. Qc2 Ndf6 14. h3 Bf5
15. b4 Rad8 16. Ne5 Rd6 17. Rb3 Bh7 18. a4 Nd7 19. f3 Nef6 20. f4 Bxd3 21. Qxd3
Re6 22. b5 c5 23. Qd2 cxd4 24. exd4 Rc8 25. g4 Ne4 26. Qd3 Qd6 27. Nxe4 dxe4
28. Qxe4 Rc7 29. Rd3 f6 30. f5 Re7 31. Nc4 Rxc4 32. Qxb7 Rc2 0-1

[Event "AUT-ch99M"]
[Site "Wien"]
[Date "1999.08.18"]
[Round "12"]
[White "Kummer, Helmut"]
[Black "Mahdy, Khaled"]
[Result "1/2-1/2"]
[WhiteElo "2293"]
[BlackElo "2325"]
[PlyCount "49"]
[EventDate "1999.08.18"]

1. d4 Nf6 2. c4 c5 3. d5 g6 4. Nc3 Bg7 5. e4 d6 6. Be2 O-O 7. Bg5 e6 8. dxe6
fxe6 9. e5 dxe5 10. Qxd8 Rxd8 11. Ne4 Nbd7 12. Nf3 Rf8 13. Nfd2 b6 14. Bf3 Rb8
15. O-O Bb7 16. Rfe1 Nxe4 17. Bxe4 Nf6 18. Bxf6 Bxf6 19. Rad1 Ba6 20. b3 Rbd8
21. a4 Rd7 22. Nf3 Rfd8 23. Rxd7 Rxd7 24. Kf1 Kf7 25. Re3 1/2-1/2

[Event "AUT-ch99M"]
[Site "Wien"]
[Date "1999.08.18"]
[Round "12"]
[White "Danner, Georg"]
[Black "Stanec, Nikolaus"]
[Result "1/2-1/2"]
[WhiteElo "2407"]
[BlackElo "2495"]
[PlyCount "36"]
[EventDate "1999.08.18"]

1. d4 Nf6 2. c4 e6 3. Nf3 b6 4. e3 Bb7 5. Bd3 g6 6. Nc3 Bg7 7. O-O d6 8. e4
Nbd7 9. Be3 O-O 10. Nd2 c5 11. d5 e5 12. a3 Ne8 13. Qc2 Bf6 14. g3 Bg5 15. f4
exf4 16. gxf4 Bh6 17. Rae1 Ng7 18. Nf3 Nh5 1/2-1/2

[Event "AUT-ch99M"]
[Site "Wien"]
[Date "1999.08.18"]
[Round "12"]
[White "Casagrande, Harald"]
[Black "Sommerbauer, Norbert"]
[Result "1-0"]
[WhiteElo "2355"]
[BlackElo "2375"]
[PlyCount "67"]
[EventDate "1999.08.18"]

1. Nf3 d5 2. d4 e6 3. c3 c5 4. Bg5 Be7 5. h4 h6 6. Bxe7 Qxe7 7. e3 Nf6 8. Nbd2
Nc6 9. Ne5 Nxe5 10. dxe5 Nd7 11. Qg4 O-O 12. Nf3 b6 13. Bd3 a5 14. Rh3 f5 15.
Qf4 Ba6 16. Bxa6 Rxa6 17. Rg3 Kh7 18. c4 Raa8 19. Rd1 dxc4 20. Qxc4 Rad8 21. h5
Rfe8 22. Ke2 Nf8 23. Rc1 Rd5 24. Rh3 Nd7 25. Qf4 b5 26. g4 fxg4 27. Qxg4 c4 28.
Rg1 Rf8 29. Qg6+ Kh8 30. Ng5 Rxf2+ 31. Kxf2 Nf8 32. Qf7 Rd2+ 33. Kf3 Qc5 34.
Ne4 1-0

[Event "AUT-ch99M"]
[Site "Wien"]
[Date "1999.08.18"]
[Round "12"]
[White "Baumegger, Siegfried"]
[Black "Lendwai, Reinhard"]
[Result "1/2-1/2"]
[WhiteElo "2407"]
[BlackElo "2376"]
[PlyCount "66"]
[EventDate "1999.08.18"]

1. d4 d5 2. c4 c6 3. Nf3 Nf6 4. Nc3 a6 5. g3 dxc4 6. a4 c5 7. d5 e6 8. e4 exd5
9. e5 d4 10. exf6 dxc3 11. Qxd8+ Kxd8 12. Ng5 Be6 13. Nxe6+ fxe6 14. Bg5 Kc7
15. bxc3 Nd7 16. Bf4+ e5 17. fxg7 Bxg7 18. Be3 e4 19. O-O-O Ne5 20. Rd5 Nd3+
21. Bxd3 cxd3 22. Rxc5+ Kd6 23. Kb2 Rac8 24. Rxc8 Rxc8 25. Rc1 Rc4 26. Kb3 b5
27. axb5 axb5 28. Bd2 Kd5 29. Ra1 Ra4 30. Rf1 Rc4 31. Ra1 Ra4 32. Rf1 Rc4 33.
Ra1 Ra4 1/2-1/2

[Event "AUT-ch99M"]
[Site "Wien"]
[Date "1999.08.19"]
[Round "13"]
[White "Stichlberger, Martin"]
[Black "Baumegger, Siegfried"]
[Result "1/2-1/2"]
[WhiteElo "2296"]
[BlackElo "2407"]
[PlyCount "80"]
[EventDate "1999.08.19"]

1. Nc3 d5 2. e4 e6 3. Nf3 Nf6 4. e5 Nfd7 5. g3 c5 6. Bg2 Nc6 7. Qe2 Be7 8. O-O
O-O 9. d3 a6 10. Re1 b5 11. h4 b4 12. Nb1 a5 13. Bf4 Ba6 14. Nbd2 a4 15. c4
bxc3 16. bxc3 Rb8 17. Rab1 Qa5 18. c4 Nb6 19. Rxb6 Qxb6 20. cxd5 exd5 21. e6
Rbd8 22. exf7+ Rxf7 23. Ng5 Nd4 24. Qe5 Bf6 25. Qxd5 Bxg5 26. Bxg5 Rdf8 27. Re7
Bc8 28. Nc4 Qb1+ 29. Kh2 Qxa2 30. Be3 Ne6 31. Rxe6 Bb7 32. Qxc5 Bxg2 33. Kxg2
Rxf2+ 34. Bxf2 Qxf2+ 35. Kh3 Qf1+ 36. Kg4 Qf3+ 37. Kh3 Qf1+ 38. Kg4 Qf3+ 39.
Kh3 Qh1+ 40. Kg4 Qf3+ 1/2-1/2

[Event "AUT-ch99M"]
[Site "Wien"]
[Date "1999.08.19"]
[Round "13"]
[White "Sommerbauer, Norbert"]
[Black "Kwatschewsky, Leo"]
[Result "1-0"]
[WhiteElo "2375"]
[BlackElo "2344"]
[PlyCount "87"]
[EventDate "1999.08.19"]

1. c4 Nf6 2. Nc3 c5 3. Nf3 Nc6 4. d4 cxd4 5. Nxd4 e6 6. Ndb5 d6 7. Bf4 e5 8.
Bg5 a6 9. Bxf6 gxf6 10. Na3 Be6 11. g3 Qa5 12. Qd2 Be7 13. Bg2 h5 14. h4 f5 15.
e3 e4 16. O-O Rc8 17. Rfd1 Qc5 18. Nd5 Ne5 19. Rac1 Rd8 20. Qc3 Rg8 21. Nf4 Bf6
22. Qb3 Qc6 23. Nxh5 Bh8 24. Nf4 Ng4 25. Bf1 Be5 26. Be2 Bxf4 27. exf4 e3 28.
fxe3 Nf6 29. Kh2 Ke7 30. Rg1 Rh8 31. Nc2 Qe4 32. Nd4 Ng4+ 33. Bxg4 fxg4 34.
Rce1 b5 35. Qc2 Qxc2+ 36. Nxc2 Rc8 37. Nd4 Rxc4 38. Nxe6 Kxe6 39. e4 f6 40. Rg2
Rhc8 41. Rd2 R8c6 42. Kg2 a5 43. Kf2 a4 44. f5+ 1-0

[Event "AUT-ch99M"]
[Site "Wien"]
[Date "1999.08.19"]
[Round "13"]
[White "Stanec, Nikolaus"]
[Black "Casagrande, Harald"]
[Result "1/2-1/2"]
[WhiteElo "2495"]
[BlackElo "2355"]
[PlyCount "33"]
[EventDate "1999.08.19"]

1. c4 c5 2. Nf3 b6 3. g3 Bb7 4. Bg2 Nf6 5. O-O e6 6. Nc3 Be7 7. d4 cxd4 8. Qxd4
d6 9. Rd1 a6 10. b3 Nbd7 11. Ba3 Nc5 12. Rac1 O-O 13. Ne1 Qc7 14. Bb2 Rfd8 15.
Bxb7 Qxb7 16. Ng2 b5 17. cxb5 1/2-1/2

[Event "AUT-ch99M"]
[Site "Wien"]
[Date "1999.08.19"]
[Round "13"]
[White "Mahdy, Khaled"]
[Black "Danner, Georg"]
[Result "1/2-1/2"]
[WhiteElo "2325"]
[BlackElo "2407"]
[PlyCount "26"]
[EventDate "1999.08.19"]

1. e4 c5 2. Nf3 d6 3. c3 Nf6 4. Bd3 Nc6 5. Bc2 g6 6. h3 Bg7 7. O-O e5 8. d4
exd4 9. cxd4 O-O 10. Be3 cxd4 11. Nxd4 d5 12. Nc3 Nxd4 13. Bxd4 dxe4 1/2-1/2

[Event "AUT-ch99M"]
[Site "Wien"]
[Date "1999.08.19"]
[Round "13"]
[White "Wach, Markus"]
[Black "Kummer, Helmut"]
[Result "1/2-1/2"]
[WhiteElo "2397"]
[BlackElo "2293"]
[PlyCount "49"]
[EventDate "1999.08.19"]

1. e4 e5 2. Nf3 Nc6 3. Bb5 a6 4. Bxc6 dxc6 5. O-O f6 6. d4 Bg4 7. c3 Bd6 8. Be3
Ne7 9. Nbd2 Qc8 10. Re1 O-O 11. c4 exd4 12. Bxd4 c5 13. Bc3 Nc6 14. Qc2 Qe6 15.
Qd3 Qf7 16. h3 Rad8 17. Qe3 Be6 18. b3 Rfe8 19. Rad1 b6 20. Nh2 Nd4 21. Rc1 g5
22. Bxd4 cxd4 23. Qf3 h5 24. Ndf1 Qg6 25. g4 1/2-1/2

[Event "AUT-ch99M"]
[Site "Wien"]
[Date "1999.08.19"]
[Round "13"]
[White "Weinzettl, Ernst"]
[Black "Hansen, Kay"]
[Result "1-0"]
[WhiteElo "2401"]
[BlackElo "2205"]
[PlyCount "103"]
[EventDate "1999.08.19"]

1. e4 c6 2. d4 d5 3. Nc3 dxe4 4. Nxe4 Bf5 5. Bd3 e6 6. Nf3 Nd7 7. Bf4 Bxe4 8.
Bxe4 Ngf6 9. Bd3 Be7 10. O-O O-O 11. Qe2 c5 12. Rad1 Qb6 13. c4 cxd4 14. Nxd4
Rfd8 15. Nb5 Rac8 16. Bb1 a6 17. Nd6 Rc6 18. Ne4 Rcc8 19. b3 Nxe4 20. Bxe4 Nf6
21. Bf3 h6 22. h3 Kf8 23. Be5 a5 24. Qb2 Ne8 25. Bd4 Qc7 26. Rd3 Kg8 27. Rfd1
b6 28. Qe2 Bf6 29. Qd2 a4 30. Bxf6 Rxd3 31. Qxd3 Nxf6 32. Qd6 Qa7 33. Qb4 axb3
34. axb3 Rb8 35. g3 Qa2 36. Rd6 Qa7 37. Qb5 Kh7 38. Kg2 h5 39. Bxh5 Nxh5 40.
Qxh5+ Kg8 41. Qb5 Kh7 42. Qc6 Kg8 43. Rd7 Qa5 44. Rxf7 Kxf7 45. Qc7+ Kf6 46.
Qxb8 Qb4 47. Qf4+ Ke7 48. Qe3 Kf7 49. h4 Ke7 50. g4 Kf7 51. Qf3+ Kg8 52. g5 1-0

[Event "AUT-ch99M"]
[Site "Wien"]
[Date "1999.08.20"]
[Round "14"]
[White "Hoelzl, Franz"]
[Black "Hansen, Kay"]
[Result "1-0"]
[WhiteElo "2428"]
[BlackElo "2205"]
[PlyCount "75"]
[EventDate "1999.08.20"]

1. c4 c6 2. d4 d5 3. Nf3 Nf6 4. Nc3 dxc4 5. g3 Bf5 6. Bg2 Nbd7 7. O-O e6 8. Nh4
Bg6 9. e4 e5 10. Bg5 Bb4 11. dxe5 Nxe5 12. Qc2 Qa5 13. Bxf6 gxf6 14. Kh1 Nd3
15. Nd1 Ne1 16. Qxc4 Nxg2 17. Kxg2 Bd2 18. f3 Bg5 19. Nxg6 hxg6 20. Nf2 Be3 21.
Qb3 Bxf2 22. Rxf2 Qc7 23. Rd1 O-O 24. Qa3 Rfd8 25. Rfd2 Rxd2+ 26. Rxd2 Kg7 27.
Rd6 Re8 28. Qd3 Re7 29. Qd4 Re5 30. Rd7 Qc8 31. Qd6 Re8 32. Kf2 g5 33. h3 c5
34. Qd5 Rf8 35. e5 Qc6 36. Qxc6 bxc6 37. e6 f5 38. Rxa7 1-0

[Event "AUT-ch99M"]
[Site "Wien"]
[Date "1999.08.20"]
[Round "14"]
[White "Danner, Georg"]
[Black "Wach, Markus"]
[Result "1-0"]
[WhiteElo "2407"]
[BlackElo "2397"]
[PlyCount "94"]
[EventDate "1999.08.20"]

1. d4 d5 2. c4 c6 3. Nf3 Nf6 4. e3 e6 5. Nbd2 Nbd7 6. Bd3 Bd6 7. O-O O-O 8. e4
dxe4 9. Nxe4 Nxe4 10. Bxe4 c5 11. dxc5 Bxc5 12. Qc2 h6 13. Bd2 Nf6 14. b4 Be7
15. Bc3 Bd7 16. Rad1 Qc8 17. Rfe1 Rd8 18. Ne5 Nxe4 19. Qxe4 Bf6 20. Rd3 Bc6 21.
Rxd8+ Qxd8 22. Nxc6 bxc6 23. Bxf6 Qxf6 24. Qxc6 Rd8 25. Qf3 Qd4 26. Qb3 Qd2 27.
Rf1 Rd3 28. Qa4 Rc3 29. Qe8+ Kh7 30. Qxf7 Rc1 31. g3 Rxf1+ 32. Kxf1 Qc1+ 33.
Kg2 Qxc4 34. a3 a6 35. h4 Qd5+ 36. Qf3 Qc4 37. Qe3 Kg8 38. Kh2 Qa2 39. Kg1 Qb1+
40. Kg2 Qa2 41. Qd3 e5 42. Qxa6 Qd5+ 43. Kg1 Qd4 44. Qc8+ Kf7 45. Qc1 Ke6 46.
Qc6+ Kf5 47. Kg2 h5 1-0

[Event "AUT-ch99M"]
[Site "Wien"]
[Date "1999.08.20"]
[Round "14"]
[White "Kwatschewsky, Leo"]
[Black "Stanec, Nikolaus"]
[Result "0-1"]
[WhiteElo "2344"]
[BlackElo "2495"]
[PlyCount "56"]
[EventDate "1999.08.20"]

1. d4 Nf6 2. c4 c5 3. d5 b5 4. cxb5 a6 5. b6 d6 6. Nc3 Qxb6 7. Nf3 g6 8. g3 Bg7
9. Bg2 O-O 10. O-O Nbd7 11. h3 Ne8 12. Qc2 Nc7 13. Nd2 a5 14. b3 Ba6 15. Bb2
Qa7 16. Rfe1 Rfc8 17. Na4 Ne5 18. Nc4 Nxc4 19. bxc4 Bxb2 20. Nxb2 Rab8 21. Nd3
Na8 22. e4 Nb6 23. Nb2 Nd7 24. Bf1 Rb4 25. a3 Rb7 26. f4 Rcb8 27. Na4 Rb3 28.
Bd3 Nf6 0-1